Statistics for All NBA Teams Ever

Click here to take the quiz!

General Stats

  • This quiz has been taken 32 times
  • The average score is 61 of 84

Answer Stats

HintAnswer% Correct
1946-PresentBoston Celtics
100%
2012-PresentBrooklyn Nets
100%
1988-2002Charlotte Hornets
100%
2014-PresentCharlotte Hornets
100%
1970-PresentCleveland Cavaliers
100%
1980-PresentDallas Mavericks
100%
1957-PresentDetroit Pistons
100%
1971-PresentGolden State Warriors
100%
1971-PresentHouston Rockets
100%
1967-PresentIndiana Pacers
100%
1984-PresentLos Angeles Clippers
100%
1960-PresentLos Angeles Lakers
100%
1988-PresentMiami Heat
100%
1968-PresentMilwaukee Bucks
100%
1947-1960Minneapolis Lakers
100%
1977-2012New Jersey Nets
100%
2002-2005New Orleans Hornets
100%
2007-2013New Orleans Hornets
100%
2013-PresentNew Orleans Pelicans
100%
2008-PresentOklahoma City Thunder
100%
1963-PresentPhiladelphia 76ers
100%
1968-PresentPhoenix Suns
100%
1973-PresentSan Antonio Spurs
100%
1962-1970San Francisco Warriors
100%
1967-2008Seattle SuperSonics
100%
1968-PresentAtlanta Hawks
96%
1966-PresentChicago Bulls
96%
1967-1974Denver Rockets
96%
1948-1957Fort Wayne Pistons
96%
1975-1985Kansas City Kings
96%
1972-1975Kansas City-Omaha Kings
96%
2001-PresentMemphis Grizzlies
96%
1946-PresentNew York Knicks
96%
1968-1977New York Nets
96%
2005-2007NOLA/OKC Hornets
96%
1946-1962Philadelphia Warriors
96%
1978-1984San Diego Clippers
96%
1967-1971San Diego Rockets
96%
1995-PresentToronto Raptors
96%
1995-2001Vancouver Grizzlies
96%
1997-PresentWashington Wizards
96%
2004-2014Charlotte Bobcats
92%
1974-PresentDenver Nuggets
92%
1946-1950Denver Nuggets
92%
1951-1955Milwaukee Hawks
92%
1974-1979New Orleans Jazz
92%
1989-PresentOrlando Magic
92%
1970-PresentPortland Trail Blazers
92%
1955-1968St. Louis Hawks
92%
1979-PresentUtah Jazz
92%
1949-1950Waterloo Hawks
92%
1989-PresentMinnesota Timberwolves
88%
1985-PresentSacramento Kings
88%
1974-1997Washington Bullets
88%
1944-1954Baltimore Bullets
83%
1963-1973Baltimore Bullets
83%
1973-1974Capital Bullets
83%
1957-1972Cincinatti Royals
67%
1945-1957Rochester Royals
67%
1946-1963Syracuse Nationals
50%
1970-1978Buffalo Braves
42%
1946-1951Washington Capitols
42%
1946-1950Chicago Stags
38%
1946-1950Anderson Packers
33%
1961-1962Chicago Packers
33%
1971-1973Dallas Chaparrals
25%
1967-1970Dallas Chaparrals
25%
1967-1968New Jersey Americans
25%
1946-1950St. Louis Bombers
25%
1970-1971Texas Chaparrals
25%
1946-1951Tri-Cities Blackhawks
25%
1946-1947Toronto Huskies
21%
1949-1953Indianapolis Olympians
17%
1946Buffalo Bisons
13%
1962-1963Chicago Zephyrs
13%
1946-1947Detroit Falcons
13%
1948-1949Indianapolis Jets
13%
1946-1949Providence Steamrollers
13%
1949-1950Sheboygan Red Skins
13%
1946-1947Cleveland Rebels
8%
1946-1947Pittsburgh Ironmen
8%
1941-1948Fort Wayne Zollner Pistons
4%
1950-1951Denver Refiners
0%
1931-1948Indianapolis Katuskys
0%

Score Distribution

Percentile by Number Answered

Percent of People with Each Score

Your Score History

You have not taken this quiz